[Event "18. Open de Sants Hostafrancs 2016"]
[Site "Barcelona ESP"]
[Date "2016.08.20"]
[Round "2.65"]
[White "Flores De Paco, David"]
[Black "Vidarte Morales, Arturo"]
[Result "0-1"]
[WhiteElo "2038"]
[BlackElo "2324"]
[PlyCount "54"]
[EventDate "2016.08.19"]
[EventType "swiss"]
[EventRounds "10"]
[EventCountry "ESP"]
[SourceTitle "Ajedrez en Madrid"]
[Source "lmi"]
[SourceDate "2016.08.19"]

1. e4 c5 2. d4 cxd4 3. c3 dxc3 4. Nxc3 Nc6 5. Nf3 e6 6. Bc4 a6 7. O-O d6 8. Bf4
Be7 9. Qd2 Nf6 10. Bb3 O-O 11. Rfd1 e5 12. Bg5 Bg4 13. Bxf6 Bxf6 14. Qd3 Rc8
15. h3 Bxf3 16. Qxf3 Nd4 17. Qg4 Kh8 18. Bd5 g6 19. Rd3 b5 20. Bb7 Rb8 21. Bxa6
Rb6 22. Bc8 Qxc8 23. Qxc8 Rxc8 24. Nd5 Bd8 25. Nxb6 Bxb6 26. Rd2 Kg7 27. Kf1 f5
0-1

[Event "18. Open de Sants Hostafrancs 2016"]
[Site "Barcelona ESP"]
[Date "2016.08.20"]
[Round "2.66"]
[White "Vehi Bach, Victor Manuel"]
[Black "Sama Salinas, Alejandro"]
[Result "1-0"]
[WhiteElo "2318"]
[BlackElo "1952"]
[PlyCount "49"]
[EventDate "2016.08.19"]
[EventType "swiss"]
[EventRounds "10"]
[EventCountry "ESP"]
[SourceTitle "Ajedrez en Madrid"]
[Source "lmi"]
[SourceDate "2016.08.19"]

1. e4 e5 2. Nf3 Nc6 3. Nc3 Nf6 4. Bb5 Bb4 5. O-O O-O 6. d3 d6 7. Ne2 Ne7 8. c3
Ba5 9. Ng3 c6 10. Ba4 Ng6 11. Re1 Re8 12. h3 h6 13. d4 Bd7 14. Bc2 Bc7 15. Be3
Qe7 16. a4 d5 17. Qc1 Rad8 18. Nf5 Qf8 19. dxe5 Bxf5 20. exf6 Bc8 21. fxg7 Qxg7
22. Bxh6 Qh7 23. Bg5 Bxh3 24. Bxd8 Rxd8 25. Ng5 1-0

[Event "18. Open de Sants Hostafrancs 2016"]
[Site "Barcelona ESP"]
[Date "2016.08.20"]
[Round "2.67"]
[White "Cu Hor, Winston Darwin"]
[Black "Ros Alonso, Joana"]
[Result "1-0"]
[WhiteElo "2318"]
[BlackElo "1872"]
[PlyCount "117"]
[EventDate "2016.08.19"]
[EventType "swiss"]
[EventRounds "10"]
[EventCountry "ESP"]
[SourceTitle "Ajedrez en Madrid"]
[Source "lmi"]
[SourceDate "2016.08.19"]

1. Nf3 Nf6 2. c4 g6 3. g3 Bg7 4. Bg2 O-O 5. O-O d5 6. Na3 c5 7. d4 cxd4 8. Nxd4
e5 9. Nb3 Be6 10. Bg5 e4 11. Rc1 h6 12. Be3 Nc6 13. Bc5 Re8 14. cxd5 Nxd5 15.
Nc4 f5 16. Ba3 Ndb4 17. Nd6 Re7 18. Nc5 b6 19. Nxe6 Rxe6 20. Nb5 Be5 21. Qb3
Qd5 22. Rc4 Na5 23. Qxb4 Qxc4 24. f4 exf3 25. Bxf3 Rc8 26. Qxc4 Nxc4 27. Bd5
Kf7 28. Rc1 Nxa3 29. Rxc8 Nxb5 30. Kg2 Bxb2 31. a4 Nd6 32. Ra8 Kf6 33. Bxe6
Kxe6 34. Rxa7 Bc3 35. h3 Ba5 36. Kf3 Ne4 37. g4 fxg4+ 38. Kxe4 gxh3 39. Kf3 Kd5
40. Rh7 Kc4 41. Rxh6 Kb3 42. e4 Kxa4 43. e5 b5 44. e6 Bd8 45. Rh8 Bg5 46. Ra8+
Kb3 47. Rg8 b4 48. Rxg6 Bd8 49. Rg8 Bf6 50. Rf8 Be7 51. Rf7 Bd8 52. Ke4 h2 53.
Rh7 Ka3 54. Kd3 b3 55. Rxh2 b2 56. Kc2 Ka2 57. Rh1 Be7 58. Rb1 Bf6 59. Rxb2+
1-0

[Event "18. Open de Sants Hostafrancs 2016"]
[Site "Barcelona ESP"]
[Date "2016.08.20"]
[Round "2.68"]
[White "Ortin Blanco, Inigo"]
[Black "Latorre, Matias"]
[Result "0-1"]
[WhiteElo "1941"]
[BlackElo "2318"]
[PlyCount "124"]
[EventDate "2016.08.19"]
[EventType "swiss"]
[EventRounds "10"]
[EventCountry "ESP"]
[SourceTitle "Ajedrez en Madrid"]
[Source "lmi"]
[SourceDate "2016.08.19"]

1. d4 d6 2. c4 e5 3. Nc3 exd4 4. Qxd4 Nc6 5. Qd1 g6 6. Bf4 Bg7 7. Rc1 Nf6 8. e3
O-O 9. Nf3 Re8 10. Bd3 Ne5 11. Nxe5 dxe5 12. Bg3 Nh5 13. O-O f5 14. f3 Nxg3 15.
hxg3 c6 16. Qe2 Be6 17. c5 Qa5 18. b3 Qxc5 19. Ne4 Qe7 20. Nc5 Bf7 21. e4 f4
22. g4 Red8 23. Rfd1 Rd4 24. Na4 Rad8 25. Nb2 Qd7 26. Bb1 Bf8 27. Kf1 Ba3 28.
Rxd4 Qxd4 29. Rd1 Qb6 30. Rxd8+ Qxd8 31. Nc4 Bc5 32. Ke1 Bb4+ 33. Kf1 Qh4 34.
Qf2 Qh1+ 35. Qg1 Qh4 36. Qf2 Qe7 37. Bd3 Bc5 38. Qe1 Bd4 39. Ke2 Kg7 40. Qc1
Qh4 41. Qe1 Qe7 42. Qc1 Qc5 43. Qe1 b6 44. Qd2 a5 45. Qe1 b5 46. Nd2 Bc3 47.
Kd1 a4 48. Bc2 Bxd2 49. Kxd2 axb3 50. axb3 Bxb3 51. Bxb3 Qb4+ 52. Ke2 Qxb3 53.
Qa5 Qc2+ 54. Ke1 Qc1+ 55. Ke2 Qe3+ 56. Kf1 Qd3+ 57. Ke1 Qd7 58. Qc3 Qd6 59. Qa5
Kh6 60. Ke2 b4 61. Qb6 Kg5 62. Ke1 Qd4 0-1

[Event "18. Open de Sants Hostafrancs 2016"]
[Site "Barcelona ESP"]
[Date "2016.08.20"]
[Round "2.69"]
[White "Lemeaux, David"]
[Black "Tardio Fran, Emilio"]
[Result "1-0"]
[WhiteElo "2315"]
[BlackElo "1845"]
[PlyCount "49"]
[EventDate "2016.08.19"]
[EventType "swiss"]
[EventRounds "10"]
[EventCountry "ESP"]
[SourceTitle "Ajedrez en Madrid"]
[Source "lmi"]
[SourceDate "2016.08.19"]

1. d4 Nf6 2. c4 c5 3. d5 b5 4. Qc2 bxc4 5. e4 g6 6. Bxc4 d6 7. Nf3 Bg7 8. O-O
O-O 9. h3 Ba6 10. Na3 Bxc4 11. Nxc4 Nbd7 12. Bf4 Qc7 13. Rad1 Rfb8 14. e5 Ne8
15. Rfe1 Nb6 16. b3 Nxc4 17. Qxc4 Rb4 18. Qc1 Rxf4 19. Qxf4 dxe5 20. Nxe5 Nd6
21. Nc4 Bd4 22. Re2 Re8 23. Nxd6 Rd8 24. Qxf7+ Kh8 25. Rxe7 1-0

[Event "18. Open de Sants Hostafrancs 2016"]
[Site "Barcelona ESP"]
[Date "2016.08.20"]
[Round "2.70"]
[White "Frischmann, Rick"]
[Black "Festa, Simone"]
[Result "1-0"]
[WhiteElo "2312"]
[BlackElo "1594"]
[PlyCount "45"]
[EventDate "2016.08.19"]
[EventType "swiss"]
[EventRounds "10"]
[EventCountry "ESP"]
[SourceTitle "Ajedrez en Madrid"]
[Source "lmi"]
[SourceDate "2016.08.19"]

1. e4 g6 2. d4 Bg7 3. h4 c5 4. dxc5 Qa5+ 5. c3 Qxc5 6. Be3 Qc7 7. Na3 a6 8. Nc4
b5 9. Nb6 Qc6 10. Be2 d6 11. e5 dxe5 12. a4 Nf6 13. axb5 Qb7 14. bxa6 Rxa6 15.
Bxa6 Nxa6 16. Nxc8 O-O 17. Nxe7+ Kh8 18. Nf3 Ng4 19. Qd5 Qxb2 20. O-O Nc7 21.
Qc4 Ne6 22. Qxg4 Qxc3 23. Rad1 1-0

[Event "18. Open de Sants Hostafrancs 2016"]
[Site "Barcelona ESP"]
[Date "2016.08.20"]
[Round "2.129"]
[White "Gurrutxaga Telleria, Jose Luis"]
[Black "Parramon Guillaumet, Jaime"]
[Result "1-0"]
[WhiteElo "2095"]
[BlackElo "1915"]
[PlyCount "65"]
[EventDate "2016.08.19"]
[EventType "swiss"]
[EventRounds "10"]
[EventCountry "ESP"]
[SourceTitle "Ajedrez en Madrid"]
[Source "lmi"]
[SourceDate "2016.08.19"]

1. d4 Nf6 2. c4 g6 3. Nc3 Bg7 4. e4 d6 5. f4 O-O 6. Nf3 a5 7. Be2 Na6 8. e5
dxe5 9. fxe5 Ne8 10. O-O Bg4 11. h3 Bxf3 12. Bxf3 c6 13. Bf4 Nec7 14. d5 Rb8
15. Qe2 cxd5 16. cxd5 f6 17. d6 Ne6 18. Bd5 Nac5 19. exf6 exf6 20. Bxe6+ Kh8
21. d7 Nxd7 22. Bxd7 Qxd7 23. Bxb8 Rxb8 24. Rad1 Qc6 25. Qe7 Re8 26. Qd7 Qb6+
27. Kh1 Rf8 28. Qb5 Qe3 29. Rfe1 Qh6 30. Re8 g5 31. Rdd8 g4 32. Rxf8+ Bxf8 33.
Qe8 1-0

[Event "18. Open de Sants Hostafrancs 2016"]
[Site "Barcelona ESP"]
[Date "2016.08.21"]
[Round "3.1"]
[White "Bachmann, Axel"]
[Black "Reshef, Omer"]
[Result "1-0"]
[WhiteElo "2656"]
[BlackElo "2420"]
[PlyCount "85"]
[EventDate "2016.08.19"]
[EventType "swiss"]
[EventRounds "10"]
[EventCountry "ESP"]
[SourceTitle "Ajedrez en Madrid"]
[Source "lmi"]
[SourceDate "2016.08.19"]

1. e4 e5 2. Nc3 Nf6 3. g3 d5 4. exd5 Nxd5 5. Bg2 Nf6 6. d3 Nc6 7. Nf3 Bc5 8.
O-O O-O 9. a3 a6 10. b4 Ba7 11. Be3 Bd4 12. Bd2 Ba7 13. h3 Re8 14. Rb1 Nd4 15.
Re1 c6 16. Nxe5 Nf5 17. Ng4 Rxe1+ 18. Qxe1 Nxg4 19. hxg4 Nd4 20. Qd1 Be6 21. g5
Qd7 22. Kh2 Nb5 23. Ne4 Nxa3 24. Rb2 Nb5 25. c4 Nd4 26. Nc5 Bxc5 27. bxc5 Bg4
28. f3 Bf5 29. Bf4 Ne6 30. Bd6 Nxg5 31. g4 Be6 32. Qb1 b5 33. f4 h6 34. fxg5
hxg5 35. cxb5 axb5 36. Rxb5 cxb5 37. Bxa8 Bxg4 38. d4 f5 39. Bd5+ Kh7 40. Qe1
b4 41. Qe6 Qb5 42. Qg8+ Kh6 43. Be5 1-0

[Event "18. Open de Sants Hostafrancs 2016"]
[Site "Barcelona ESP"]
[Date "2016.08.21"]
[Round "3.2"]
[White "Ochsner, Bjorn Moller"]
[Black "Fier, Alexandr"]
[Result "1-0"]
[WhiteElo "2417"]
[BlackElo "2627"]
[PlyCount "79"]
[EventDate "2016.08.19"]
[EventType "swiss"]
[EventRounds "10"]
[EventCountry "ESP"]
[SourceTitle "Ajedrez en Madrid"]
[Source "lmi"]
[SourceDate "2016.08.19"]

1. e4 c6 2. d4 d5 3. e5 Bf5 4. h4 h6 5. g4 Bd7 6. c4 Qc8 7. Be2 dxc4 8. a4 Be6
9. Na3 Bd5 10. Rh3 h5 11. gxh5 Nh6 12. Nxc4 Bxc4 13. Bxc4 e6 14. Ne2 Nd7 15. a5
Qc7 16. Bg5 Bb4+ 17. Kf1 Bxa5 18. Nf4 Nf8 19. Qb3 Bb6 20. d5 exd5 21. Nxd5 cxd5
22. Bb5+ Nd7 23. Rc3 Bc5 24. Qxd5 O-O 25. Bxd7 b6 26. b4 Rad8 27. Bxd8 Rxd8 28.
Rd1 Rxd7 29. Qxd7 Qxe5 30. Qd8+ Bf8 31. Rc8 Qb5+ 32. Qd3 Qxb4 33. Qd6 Qb5+ 34.
Kg1 Qxh5 35. Qxf8+ Kh7 36. Qh8+ Kg6 37. Rc6+ f6 38. Qe8+ Nf7 39. Qe4+ Kh6 40.
Rd5 1-0

[Event "18. Open de Sants Hostafrancs 2016"]
[Site "Barcelona ESP"]
[Date "2016.08.21"]
[Round "3.3"]
[White "Ma, Qun"]
[Black "Mullon, Jean-baptiste"]
[Result "1-0"]
[WhiteElo "2621"]
[BlackElo "2412"]
[PlyCount "63"]
[EventDate "2016.08.19"]
[EventType "swiss"]
[EventRounds "10"]
[EventCountry "ESP"]
[SourceTitle "Ajedrez en Madrid"]
[Source "lmi"]
[SourceDate "2016.08.19"]

1. e4 c5 2. Nf3 e6 3. d4 cxd4 4. Nxd4 a6 5. Bd3 Bc5 6. Nb3 Be7 7. Qg4 g6 8. Qe2
d6 9. a4 b6 10. Na3 Qc7 11. Nc4 Nd7 12. O-O Ngf6 13. Bh6 Ne5 14. Nxe5 dxe5 15.
c4 Nd7 16. a5 g5 17. h4 gxh4 18. Qg4 Nf6 19. Qxh4 Ng8 20. Bg5 Bxg5 21. Qxg5 Ne7
22. axb6 Qxb6 23. Qxe5 Ng6 24. Qc3 Rg8 25. c5 Qc7 26. Rfe1 Rb8 27. Re3 Nf4 28.
Bf1 e5 29. Nd2 Ne6 30. b4 Nd4 31. Nc4 Rg6 32. Rd1 1-0

[Event "18. Open de Sants Hostafrancs 2016"]
[Site "Barcelona ESP"]
[Date "2016.08.21"]
[Round "3.4"]
[White "Stella, Andrea"]
[Black "Cori, Jorge"]
[Result "1/2-1/2"]
[WhiteElo "2415"]
[BlackElo "2601"]
[PlyCount "97"]
[EventDate "2016.08.19"]
[EventType "swiss"]
[EventRounds "10"]
[EventCountry "ESP"]
[SourceTitle "Ajedrez en Madrid"]
[Source "lmi"]
[SourceDate "2016.08.19"]

1. d4 Nf6 2. c4 g6 3. g3 Bg7 4. Bg2 d5 5. cxd5 Nxd5 6. Nf3 O-O 7. O-O Nc6 8.
Nc3 Nb6 9. d5 Na5 10. e4 c6 11. Bf4 cxd5 12. Nxd5 Bg4 13. Bc7 Qd7 14. Bxb6 axb6
15. h3 Be6 16. Nxb6 Qxd1 17. Rfxd1 Ra6 18. Nd5 Bxd5 19. Rxd5 Bxb2 20. Rb1 Bc3
21. Bf1 Raa8 22. Rd7 e6 23. Bb5 Rac8 24. a4 Rc5 25. Kg2 h6 26. Rbd1 Rfc8 27.
Rd8+ Rxd8 28. Rxd8+ Kg7 29. Rd7 Bf6 30. Ne1 Kf8 31. Nd3 Rc2 32. e5 Be7 33. Kf3
Rc3 34. Ke4 Nb3 35. h4 g5 36. hxg5 hxg5 37. f4 b6 38. f5 Rxd3 39. Rxd3 Nc5+ 40.
Kf3 Nxd3 41. Bxd3 exf5 42. Bxf5 Bb4 43. e6 fxe6 44. Bxe6 Ke7 45. Bc4 Kf6 46.
Kg4 Bc5 47. Bb5 Bb4 48. Bc4 Bc5 49. Bb5 1/2-1/2

[Event "18. Open de Sants Hostafrancs 2016"]
[Site "Barcelona ESP"]
[Date "2016.08.21"]
[Round "3.5"]
[White "Timofeev, Artyom"]
[Black "Brochet, Philippe"]
[Result "1-0"]
[WhiteElo "2596"]
[BlackElo "2401"]
[PlyCount "63"]
[EventDate "2016.08.19"]
[EventType "swiss"]
[EventRounds "10"]
[EventCountry "ESP"]
[SourceTitle "Ajedrez en Madrid"]
[Source "lmi"]
[SourceDate "2016.08.19"]

1. e4 c6 2. Nf3 d5 3. Nc3 Nf6 4. e5 Ne4 5. Be2 g6 6. O-O Bg7 7. d4 Nxc3 8. bxc3
O-O 9. h3 c5 10. Be3 c4 11. Qd2 Re8 12. Bh6 Bh8 13. Rfe1 Nc6 14. Bf1 Qa5 15. a4
Nd8 16. g4 Bd7 17. Bg2 Bxa4 18. Ng5 e6 19. f4 Bg7 20. Bxg7 Kxg7 21. f5 h6 22.
Nf3 b5 23. Rf1 Qc7 24. Nh4 gxf5 25. gxf5 Kh7 26. fxe6 fxe6 27. Rf6 Nf7 28. Raf1
Ng5 29. Rxh6+ Kxh6 30. Rf6+ Kh7 31. Qxg5 Qg7 32. Rg6 1-0

[Event "18. Open de Sants Hostafrancs 2016"]
[Site "Barcelona ESP"]
[Date "2016.08.21"]
[Round "3.6"]
[White "Fernandez, Fernando"]
[Black "Kunin, Vitaly"]
[Result "1-0"]
[WhiteElo "2406"]
[BlackElo "2592"]
[PlyCount "121"]
[EventDate "2016.08.19"]
[EventType "swiss"]
[EventRounds "10"]
[EventCountry "ESP"]
[SourceTitle "Ajedrez en Madrid"]
[Source "lmi"]
[SourceDate "2016.08.19"]

1. Nf3 c5 2. c4 Nc6 3. Nc3 e5 4. e3 Nf6 5. Be2 d6 6. d4 e4 7. Nd2 cxd4 8. exd4
Bf5 9. g4 e3 10. gxf5 exd2+ 11. Bxd2 Nxd4 12. Bg5 Nc6 13. Qb3 Be7 14. Qxb7 Nd4
15. Bxf6 Bxf6 16. Qe4+ Kf8 17. Nd5 Rb8 18. O-O g6 19. Nxf6 Qxf6 20. Rad1 Nxf5
21. b3 h5 22. Qf4 g5 23. Qf3 Rh6 24. Rd5 Nd4 25. Qe3 Ne6 26. Rxd6 Re8 27. c5
Qb2 28. Bb5 Re7 29. Re1 Rf6 30. Rd2 Qa3 31. Bc4 Re8 32. Qc3 Nf4 33. Rxe8+ Kxe8
34. Bb5+ Kf8 35. Qxf6 Qc1+ 36. Bf1 Qxd2 37. c6 Qd1 38. Qh8+ Ke7 39. Qe5+ Ne6
40. h3 Qd4 41. Qa5 Kd6 42. c7 Nxc7 43. Qxg5 Ne6 44. Qxh5 Ke7 45. Qg4 Qe5 46.
Qb4+ Kd8 47. Qh4+ f6 48. Qh8+ Kc7 49. Qh7+ Kb6 50. Qd3 Nc5 51. Qg3 Qh5 52. Qd6+
Ka5 53. Qd2+ Kb6 54. Qd8+ Kb7 55. Bg2+ Ka6 56. Qxf6+ Kb5 57. Qd4 a5 58. a4+ Kb6
59. Qd6+ Ka7 60. Qc7+ Ka6 61. Bf1+ 1-0

[Event "18. Open de Sants Hostafrancs 2016"]
[Site "Barcelona ESP"]
[Date "2016.08.21"]
[Round "3.7"]
[White "Lapshun, Yury"]
[Black "Sandipan, Chanda"]
[Result "1/2-1/2"]
[WhiteElo "2396"]
[BlackElo "2572"]
[PlyCount "168"]
[EventDate "2016.08.19"]
[EventType "swiss"]
[EventRounds "10"]
[EventCountry "ESP"]
[SourceTitle "Ajedrez en Madrid"]
[Source "lmi"]
[SourceDate "2016.08.19"]

1. d4 d5 2. c4 c6 3. Nc3 Nf6 4. Nf3 e6 5. e3 Nbd7 6. Qc2 Bd6 7. Bd3 O-O 8. O-O
dxc4 9. Bxc4 b5 10. Bd3 Bb7 11. a3 h6 12. Ne4 Nxe4 13. Bxe4 f5 14. Bd3 c5 15.
Qe2 c4 16. Bc2 Nf6 17. Ne5 Qc7 18. f4 Be4 19. Bxe4 Nxe4 20. Nf3 Qc6 21. Bd2 a5
22. Rfc1 Rfc8 23. Be1 Kh7 24. Rc2 b4 25. axb4 axb4 26. Rxa8 Qxa8 27. Nd2 b3 28.
Rc1 c3 29. Nxe4 Qxe4 30. Bxc3 Bxf4 31. Re1 Bd6 32. Qd1 Rb8 33. Qf3 Ra8 34. Rf1
Kg8 35. h3 Ra7 36. Qxe4 fxe4 37. Kf2 Rf7+ 38. Ke2 Rxf1 39. Kxf1 Kf7 40. Kf2 Kg6
41. g4 Kg5 42. Kg2 g6 43. Ba5 Kf6 44. Bc3 Ke7 45. Kf2 Kf6 46. Kg2 Kg5 47. Ba5
h5 48. gxh5 Kxh5 49. Bc3 Kg5 50. Kf2 Kh5 51. Kg2 Be7 52. Bd2 Bg5 53. Kf2 Bh6
54. Kg2 Kg5 55. Kf2 Bf8 56. Bc3 Bh6 57. Bd2 Kf6 58. Bc3 Kf5 59. Bd2 e5 60. dxe5
Kxe5 61. Bc3+ Kf5 62. Bd4 Kg5 63. Kg2 Kh4 64. Kh2 Bf8 65. Kg2 Bb4 66. Kh2 Bd6+
67. Kg2 Bc7 68. Bf6+ Kh5 69. Bd4 Bd6 70. Kf2 Kh4 71. Kg2 Be7 72. Kh2 Bd8 73.
Kg2 Bg5 74. Kh2 Bd8 75. Kg2 Bc7 76. Bf6+ g5 77. Bd4 Bb8 78. Bc3 Ba7 79. Bd4 Bb8
80. Bc3 Bg3 81. Bd4 Be1 82. Kh2 Bg3+ 83. Kg2 Bd6 84. Bc3 Kh5 1/2-1/2

[Event "18. Open de Sants Hostafrancs 2016"]
[Site "Barcelona ESP"]
[Date "2016.08.21"]
[Round "3.8"]
[White "Aguero Jimenez, Luis Lazaro"]
[Black "Ortiz Suarez, Isan Reynaldo"]
[Result "1-0"]
[WhiteElo "2388"]
[BlackElo "2564"]
[PlyCount "139"]
[EventDate "2016.08.19"]
[EventType "swiss"]
[EventRounds "10"]
[EventCountry "ESP"]
[SourceTitle "Ajedrez en Madrid"]
[Source "lmi"]
[SourceDate "2016.08.19"]

1. e4 c5 2. Nf3 d6 3. d4 cxd4 4. Nxd4 Nf6 5. Nc3 a6 6. a4 e5 7. Nf3 Qc7 8. Bg5
Nbd7 9. Nd2 h6 10. Bh4 b6 11. Bc4 Bb7 12. Qe2 Be7 13. O-O O-O 14. Rfd1 Rfc8 15.
Bb3 Nc5 16. Bxf6 Bxf6 17. Nd5 Bxd5 18. Bxd5 Ra7 19. Nc4 Rd8 20. a5 b5 21. Nb6
Ne6 22. Qg4 Re8 23. c3 Bd8 24. Ra3 Qb8 25. Bc6 h5 26. Qh3 Rf8 27. Nd7 Rxd7 28.
Bxd7 Nf4 29. Qf3 b4 30. cxb4 Qxb4 31. g3 Ng6 32. Qxh5 Qxb2 33. Rad3 Bxa5 34.
Rxd6 Bb6 35. R1d2 Qb1+ 36. Qd1 Qb4 37. Qa4 Qb1+ 38. Rd1 Qb2 39. R6d2 Qc3 40.
Qxa6 Bd4 41. Qd3 Qc7 42. Bf5 Ne7 43. Qc2 Qb6 44. Rb1 Qf6 45. Rb7 g6 46. Bh3 Kg7
47. Qc7 Ng8 48. Rb8 Rxb8 49. Qxb8 Qc6 50. Qb1 Nf6 51. Bg2 Qc3 52. Qc2 Qa1+ 53.
Rd1 Qa7 54. Bf3 Nh7 55. Kg2 Ng5 56. h4 Ne6 57. Bg4 Nf8 58. h5 Qb6 59. hxg6 Nxg6
60. Bf5 Ne7 61. Qe2 Kf8 62. Qh5 Nc6 63. Qh6+ Ke7 64. Rc1 Bc5 65. Qg5+ Ke8 66.
Qf6 Qb5 67. Rd1 Bd4 68. Rh1 Bc5 69. Rh8+ Bf8 70. Qd6 1-0

[Event "18. Open de Sants Hostafrancs 2016"]
[Site "Barcelona ESP"]
[Date "2016.08.21"]
[Round "3.9"]
[White "Gomez Garrido, Camilo Ernesto"]
[Black "Gual Pascual, Antonio"]
[Result "1-0"]
[WhiteElo "2560"]
[BlackElo "2397"]
[PlyCount "55"]
[EventDate "2016.08.19"]
[EventType "swiss"]
[EventRounds "10"]
[EventCountry "ESP"]
[SourceTitle "Ajedrez en Madrid"]
[Source "lmi"]
[SourceDate "2016.08.19"]

1. e4 g6 2. d4 Bg7 3. Nf3 d6 4. Bc4 Nf6 5. Qe2 O-O 6. e5 Ne8 7. O-O c5 8. dxc5
dxe5 9. Rd1 Qa5 10. Nxe5 Qxc5 11. Bf4 Nc6 12. Nxc6 bxc6 13. c3 a5 14. Nd2 a4
15. Re1 Qf5 16. Be5 Bxe5 17. Qxe5 Ra7 18. Qe3 Rd7 19. Nf3 Nf6 20. h3 Nd5 21.
Qh6 Qf6 22. Rad1 Rb7 23. Rd2 a3 24. bxa3 Qxc3 25. Rd4 e5 26. Rxe5 Rb1+ 27. Kh2
Qc1 28. Ng5 1-0

[Event "18. Open de Sants Hostafrancs 2016"]
[Site "Barcelona ESP"]
[Date "2016.08.21"]
[Round "3.10"]
[White "Konguvel, Ponnuswamy"]
[Black "Jakubowski, Krzysztof"]
[Result "0-1"]
[WhiteElo "2379"]
[BlackElo "2548"]
[PlyCount "90"]
[EventDate "2016.08.19"]
[EventType "swiss"]
[EventRounds "10"]
[EventCountry "ESP"]
[SourceTitle "Ajedrez en Madrid"]
[Source "lmi"]
[SourceDate "2016.08.19"]

1. e4 c5 2. Nf3 Nc6 3. d4 cxd4 4. Nxd4 Qb6 5. Nb3 Nf6 6. Nc3 e6 7. Be3 Qc7 8.
f4 d6 9. Bd3 a6 10. Qe2 b5 11. O-O-O Be7 12. g4 Nd7 13. Kb1 Nb6 14. Qf2 Na4 15.
Ne2 Bb7 16. g5 Rc8 17. Rhg1 d5 18. e5 g6 19. Ned4 Nxd4 20. Nxd4 Qa5 21. Nb3 Qc7
22. h4 d4 23. Bxd4 O-O 24. h5 Rfd8 25. Rd2 Bd5 26. Rgd1 b4 27. Qe3 Qb7 28. Rh2
Bf8 29. Nd2 Nc3+ 30. bxc3 bxc3+ 31. Nb3 Qb4 32. Qh3 Bg7 33. hxg6 hxg6 34. Be3
a5 35. Bc1 a4 36. Rdh1 Bxh1 37. Rxh1 axb3 38. cxb3 Ra8 39. Rh2 Qd4 40. Bc2 Qg1
41. Rh1 Qc5 42. a4 Qb4 43. Ka2 Rd2 44. Bxd2 Rxa4+ 45. Kb1 Ra1+ 0-1

[Event "18. Open de Sants Hostafrancs 2016"]
[Site "Barcelona ESP"]
[Date "2016.08.21"]
[Round "3.11"]
[White "Lujan, Carolina"]
[Black "Zeng, Chongsheng"]
[Result "0-1"]
[WhiteElo "2378"]
[BlackElo "2538"]
[PlyCount "114"]
[EventDate "2016.08.19"]
[EventType "swiss"]
[EventRounds "10"]
[EventCountry "ESP"]
[SourceTitle "Ajedrez en Madrid"]
[Source "lmi"]
[SourceDate "2016.08.19"]

1. e4 c6 2. Nf3 d5 3. exd5 cxd5 4. Ne5 Nc6 5. d4 e6 6. Bb5 Qc7 7. c4 Bd6 8. O-O
Nge7 9. f4 dxc4 10. Nd2 O-O 11. Bxc6 Nxc6 12. Ndxc4 Be7 13. Nxc6 Qxc6 14. Ne5
Qd5 15. Be3 f6 16. Nd3 Bd7 17. Nc5 Bb5 18. Re1 b6 19. Nb3 Rad8 20. Nd2 Bc6 21.
Qg4 Rc8 22. a3 Be8 23. Rac1 Bh5 24. Qh3 Kf7 25. Bf2 Bd6 26. Be3 Bg6 27. Qf3
Qxf3 28. Nxf3 Bc2 29. Re2 Be4 30. Ree1 Bxf3 31. gxf3 Kg6 32. Re2 Rxc1+ 33. Bxc1
Rc8 34. Be3 Kf5 35. Kf2 Rc6 36. d5 exd5 37. Rd2 Bxf4 38. Rxd5+ Be5 39. Rd7 Rc7
40. Rxc7 Bxc7 41. h3 Bf4 42. Bd4 Be5 43. Be3 Bxb2 44. a4 Ba3 45. Ke2 Bc5 46.
Bd2 a6 47. Kd3 b5 48. axb5 axb5 49. Bc1 g5 50. Ke2 h5 51. Kd3 g4 52. fxg4+ hxg4
53. hxg4+ Kxg4 54. Ke4 f5+ 55. Kd5 Bf8 56. Ke5 b4 57. Kd4 f4 0-1

[Event "18. Open de Sants Hostafrancs 2016"]
[Site "Barcelona ESP"]
[Date "2016.08.21"]
[Round "3.12"]
[White "Cruz, Cristhian"]
[Black "Zwirs, Nico"]
[Result "1-0"]
[WhiteElo "2533"]
[BlackElo "2374"]
[PlyCount "61"]
[EventDate "2016.08.19"]
[EventType "swiss"]
[EventRounds "10"]
[EventCountry "ESP"]
[SourceTitle "Ajedrez en Madrid"]
[Source "lmi"]
[SourceDate "2016.08.19"]

1. d4 Nf6 2. c4 g6 3. g3 Bg7 4. Bg2 O-O 5. Nc3 d6 6. Nf3 Nc6 7. O-O Bg4 8. h3
Bxf3 9. exf3 d5 10. f4 dxc4 11. d5 Nb4 12. a3 Nd3 13. Qa4 c6 14. dxc6 bxc6 15.
Qxc4 Nxc1 16. Raxc1 Nd5 17. Nxd5 cxd5 18. Bxd5 Rb8 19. b4 Qb6 20. Qe2 e6 21.
Rc6 Qd4 22. Bf3 Rfd8 23. Rc7 Rbc8 24. Rxc8 Rxc8 25. Rd1 Qb2 26. Qe3 Qc3 27. Rd7
a5 28. b5 Bf8 29. b6 Qa1+ 30. Kg2 Rc1 31. Qxc1 1-0

[Event "18. Open de Sants Hostafrancs 2016"]
[Site "Barcelona ESP"]
[Date "2016.08.21"]
[Round "3.13"]
[White "Panelo, Marcelo"]
[Black "Grigoryan, Karen H"]
[Result "0-1"]
[WhiteElo "2373"]
[BlackElo "2533"]
[PlyCount "60"]
[EventDate "2016.08.19"]
[EventType "swiss"]
[EventRounds "10"]
[EventCountry "ESP"]
[SourceTitle "Ajedrez en Madrid"]
[Source "lmi"]
[SourceDate "2016.08.19"]

1. Nf3 Nf6 2. c4 g6 3. Nc3 Bg7 4. e4 d6 5. d4 O-O 6. Be2 e5 7. O-O Nc6 8. d5
Ne7 9. b4 a5 10. bxa5 c5 11. Nd2 Rxa5 12. a4 Nd7 13. Nb5 Ra6 14. Ra3 f5 15.
exf5 gxf5 16. Qc2 Ng6 17. Re1 Nf6 18. Nf1 Kh8 19. Ng3 Qd7 20. Bd3 e4 21. Be2
Qe7 22. Bg5 h6 23. Bd2 Nh4 24. Qc1 Kh7 25. Bd1 Qd8 26. Bc2 Ng4 27. Ne2 Ne5 28.
Bb1 Rg8 29. a5 Nef3+ 30. Rxf3 Nxf3+ 0-1

[Event "18. Open de Sants Hostafrancs 2016"]
[Site "Barcelona ESP"]
[Date "2016.08.21"]
[Round "3.14"]
[White "Alonso Rosell, Alvar"]
[Black "Gullaksen, Eirik"]
[Result "1-0"]
[WhiteElo "2524"]
[BlackElo "2361"]
[PlyCount "93"]
[EventDate "2016.08.19"]
[EventType "swiss"]
[EventRounds "10"]
[EventCountry "ESP"]
[SourceTitle "Ajedrez en Madrid"]
[Source "lmi"]
[SourceDate "2016.08.19"]

1. d4 Nf6 2. c4 g6 3. Nf3 Bg7 4. g3 O-O 5. Bg2 d6 6. O-O Nc6 7. Nc3 Bf5 8. Ne1
Qd7 9. e4 Bh3 10. Nc2 e5 11. d5 Ne7 12. f3 Bxg2 13. Kxg2 c5 14. a3 Ne8 15. b4
b6 16. bxc5 bxc5 17. Rb1 f5 18. Ne1 Nc8 19. Qe2 Nb6 20. Bd2 Nf6 21. Rb5 fxe4
22. fxe4 Ng4 23. Nf3 Bh6 24. Bxh6 Nxh6 25. a4 Rae8 26. h3 Qd8 27. a5 Nc8 28.
Qd2 Nf7 29. Na4 Qd7 30. a6 Nd8 31. Qh6 Nf7 32. Qh4 Qc7 33. Rfb1 Qd7 34. Nh2 Qe7
35. Qxe7 Rxe7 36. Nf3 Rfe8 37. R1b2 Kf8 38. Kf2 Rd8 39. Rb8 Ke8 40. R2b7 Red7
41. Ra8 Ke7 42. Ke3 Rf8 43. Nd2 Ng5 44. h4 Nf7 45. Nb3 Nh6 46. Nbxc5 Ng4+ 47.
Ke2 1-0

[Event "18. Open de Sants Hostafrancs 2016"]
[Site "Barcelona ESP"]
[Date "2016.08.21"]
[Round "3.15"]
[White "Lin, Chen"]
[Black "Webersberger, Johann"]
[Result "1/2-1/2"]
[WhiteElo "2516"]
[BlackElo "2356"]
[PlyCount "49"]
[EventDate "2016.08.19"]
[EventType "swiss"]
[EventRounds "10"]
[EventCountry "ESP"]
[SourceTitle "Ajedrez en Madrid"]
[Source "lmi"]
[SourceDate "2016.08.19"]

1. e4 e5 2. Nf3 Nc6 3. Bb5 Nf6 4. Qe2 d6 5. d4 Bd7 6. d5 Ne7 7. Bxd7+ Nxd7 8.
c4 g6 9. Nc3 Bg7 10. h4 c6 11. Be3 O-O 12. h5 Qa5 13. hxg6 hxg6 14. Ng5 cxd5
15. cxd5 Nf6 16. f3 Rfc8 17. Kf2 a6 18. a4 Nh5 19. g4 Qb4 20. a5 f5 21. Ra4 Qb3
22. Ra3 Qb4 23. Ra4 Qb3 24. Ra3 Qb4 25. Ra4 1/2-1/2